Science Quiz

Random Science or Elements Quiz

Elementary Phrases Quiz Stats

Quiz Updated Mar 6, 2012

Challenge
Share
Tweet
Embed
Score 0/24 Timer 06:00
1 Play Today
Phrase Element % Correct
pencil ___lead
88.7%
___ ValleySilicon
80.4%
___ copycarbon
77.4%
___ balloonhelium
76.7%
'___ Bells'Silver
76%
___ albumplatinum
74.3%
buffalo ___nickel
67.1%
___ batterylithium
63.7%
___ bleachchlorine
53.9%
black ___gold
52.9%
'___ and Old Lace'Arsenic
50%
___ sidingaluminum
48.5%
Phrase Element % Correct
___ bluecobalt
48.4%
___ Pan AlleyTin
43.6%
___ baroxygen
41%
___ enemabarium
39.5%
___ narcosisnitrogen
36.5%
___ SpringsSulfur
35.9%
tincture of ___iodine
27.5%
Tod and ___Copper
26.2%
Project ___Mercury
26%
nine ___iron
25.1%
'The ___ Bible'Neon
10.6%
___ satelliteIridium
3.2%

You're not logged in!

Compare scores with friends on all Sporcle quizzes.
Sign Up with Email
OR
Log In

You Might Also Like...

Show Comments

Extras

Top Quizzes Today


Score Distribution

Your Account Isn't Verified!

In order to create a playlist on Sporcle, you need to verify the email address you used during registration. Go to your Sporcle Settings to finish the process.

Report this User

Report this user for behavior that violates our Community Guidelines.

Details: